Statistics for Most Common Demonyms in American Writing

Click here to take the quiz!

General Stats

  • This quiz has been taken 11,795 times
  • The average score is 19 of 27

Answer Stats

demonym% Correct
Chinese
95%
Mexican
94%
French
93%
Canadian
92%
German
92%
Japanese
92%
Russian
92%
American
91%
Spanish
87%
Italian
86%
Indian
83%
Irish
79%
English
76%
Korean
76%
British
67%
Persian
66%
Dutch
63%
Greek
63%
Iraqi
63%
African
61%
Cuban
60%
Israeli
53%
Asian
48%
European
46%
Roman
33%
Soviet
32%
Palestinian
17%

Score Distribution

Percentile by Number Answered

Percent of People with Each Score

Your Score History

You have not taken this quiz